|
|
|
|
| LEADER |
00000nam a22000007a 4500 |
| 005 |
20210224235042.0 |
| 007 |
cr|||| |||| |
| 008 |
210224s2015 us |||||s|||| 00||0 eng d |
| 020 |
|
|
|a 9781634251679
|
| 035 |
|
|
|a 31239
|
| 040 |
|
|
|a vLex
|
| 090 |
|
|
|c 11265
|d 11265
|
| 100 |
1 |
|
|a Adams, Dylan O.
|
| 245 |
1 |
0 |
|a Patents Demystified
|h [Recurso electrn̤ico] :
|b An Insider's Guide to Protecting Ideas and Inventions /
|c Dylan O. Adams
|
| 256 |
|
|
|a Servicio en ln̕ea
|
| 260 |
|
|
|a Chicago:
|b American Bar Association,
|c 2015
|
| 300 |
|
|
|a 1 recurso electrn̤ico
|
| 500 |
|
|
|a Written by a veteran patent lawyer, this is an easy-to-understand insider’s guide to patents, patent law, and the patent application process. This to-the-book guide is an ideal resource for entrepreneurs, investors, creators, tinkers, and any business with products or processes that can be patented.
|
| 506 |
1 |
|
|a Disponible solo en los productos indicados
|d vLex Global
|d vLex Global (Academic Edition, excluding Law Schools)
|d vLex Global (Academic Edition, Law Schools)
|
| 650 |
0 |
4 |
|a Propiedad Intelectual
|z Estados Unidos
|
| 740 |
0 |
|
|a vLex Libros (Servicio en ln̕ea)
|
| 856 |
4 |
0 |
|u http://vlex.com/source/patents-demystified-an-insider-s-guide-to-protecting-ideas-and-inventions-31239
|z Acceso restringido
|
| 942 |
|
|
|c BOOK
|
| 999 |
0 |
|
|a Intellectual property
|